000 00542nam a22001937a 4500
999 _c6176
_d6176
003 AR-CdUCM
008 190313b ||||| |||| 00| 0 spa d
040 _aMUNICIPALIDAD PROVINCIAL DEL CUSCO
_cBIBLIOTECA MUNICIPAL DEL CUSCO
082 _a869.40 /
_bR96
100 _aRusse, Jean
_98963
245 _aLa palabra del hombre /
260 _aBolivia :
_bPotosí,
_c1967.
300 _a82 páginas ;
_bgráficos.
_c21 cm.
440 _aRosicler
_917849
505 _aPoesía.
650 _aPoesía.
_9139
942 _2ddc
_cLIBROS
945 _awfj